000 01252cam a2200337 4500
001 WB3933-11
008 030901n2003 000 0 eng u
035 _a(Sirsi) u123448
245 _aRemote definition for northern farms
260 _c2003
490 _aScottish Executive Press Release
_v 28 August 2003 (2)
520 _aScottish Islands, including mainland Orkeny and most of the Highlands including Caithness, Sutherland, Easter Ross and the Black isle will be classified as remote areas for the purposes of the EU Animal By-Products Regulation. Farmers in the remote areas will be covered by a derogation that allows the burial and open burning of the carcasses of fallen livestock. http://www.scotland.gov.uk/pages/news/2003/08/SEEN605.aspx
590 _aWB
650 _aSCOTLAND
650 _aSCOTTISH ISLANDS
650 _aSCOTTISH HIGHLANDS
650 _aORKNEY
650 _aCAITHNESS
650 _aSUTHERLAND
650 _aEASTER ROSS
650 _aBLACK ISLE
650 _aFARMERS
650 _aBURIAL
650 _aOPEN BURNING
650 _aDEROGATION
650 _aEC ANIMAL BY-PRODUCTS REGULATION
650 _aREMOTE REGIONS
650 _aLIVESTOCK FARMING
690 _aRural
_96268
942 _n0
999 _c73321
_d73321